[Event "I cerrado Memorial Alfonso Pizarroso"]
[Site "Xativa"]
[Date "2018.07.01"]
[Round "2.4"]
[White "Cruz Lledo, Pablo"]
[Black "Fenollar Jorda, Manuel"]
[Result "0-1"]
[BlackElo "2352"]
[WhiteElo "2443"]
[LiveChessVersion "1.4.8"]

1. d4 {[%clk 0:07:03]} d5 {[%clk 0:07:05]} 2. c4 {[%clk 0:07:05]} c6
{[%clk 0:07:07]} 3. Nf3 {[%clk 0:07:02]} Nf6 {[%clk 0:07:08]} 4. e3
{[%clk 0:07:03]} e6 {[%clk 0:06:54]} 5. b3 {[%clk 0:07:05]} Nbd7 {[%clk 0:06:52]}
6. Nbd2 {[%clk 0:07:00]} Bd6 {[%clk 0:06:48]} 7. Bb2 {[%clk 0:07:01]} b6
{[%clk 0:06:45]} 8. Bd3 {[%clk 0:07:01]} Bb7 {[%clk 0:06:46]} 9. O-O
{[%clk 0:07:01]} Qb8 {[%clk 0:06:36]} 10. Qe2 {[%clk 0:06:56]} c5
{[%clk 0:06:07]} 11. e4 {[%clk 0:06:48]} dxe4 {[%clk 0:05:02]} 12. Nxe4
{[%clk 0:06:46]} Nxe4 {[%clk 0:04:53]} 13. Bxe4 {[%clk 0:06:47]} O-O
{[%clk 0:04:46]} 14. dxc5 {[%clk 0:05:34]} Nxc5 {[%clk 0:04:24]} 15. Bxh7+
{[%clk 0:03:33]} Kxh7 {[%clk 0:04:24]} 16. Ng5+ {[%clk 0:03:35]} Kg8
{[%clk 0:02:59]} 17. Qh5 {[%clk 0:02:59]} Be4 {[%clk 0:02:46]} 18. Nxe4
{[%clk 0:01:53]} Nxe4 {[%clk 0:02:45]} 19. Rae1 {[%clk 0:01:49]} Bxh2+
{[%clk 0:02:07]} 20. Qxh2 {[%clk 0:01:13]} Qxh2+ {[%clk 0:02:07]} 21. Kxh2
{[%clk 0:01:15]} Nc5 {[%clk 0:01:36]} 22. Rd1 {[%clk 0:01:09]} Rfd8
{[%clk 0:01:37]} 23. f3 {[%clk 0:00:51]} f6 {[%clk 0:01:33]} 24. Ba3
{[%clk 0:00:47]} Nd3 {[%clk 0:01:26]} 25. Kg3 {[%clk 0:00:47]} Kf7
{[%clk 0:01:28]} 26. Rd2 {[%clk 0:00:47]} Rd7 {[%clk 0:01:17]} 27. Rfd1
{[%clk 0:00:48]} Rad8 {[%clk 0:01:19]} 28. Bb4 {[%clk 0:00:26]} e5
{[%clk 0:01:20]} 29. c5 {[%clk 0:00:12]} Nxc5 {[%clk 0:01:10]} 30. Rxd7+
{[%clk 0:00:14]} Rxd7 {[%clk 0:01:12]} 31. Rh1 {[%clk 0:00:14]} Nd3
{[%clk 0:01:12]} 32. Ba3 {[%clk 0:00:16]} Nf4 {[%clk 0:01:13]} 33. Bc1
{[%clk 0:00:15]} Ne2+ {[%clk 0:01:10]} 34. Kf2 {[%clk 0:00:11]} Nxc1
{[%clk 0:01:12]} 35. Rxc1 {[%clk 0:00:14]} Rd2+ {[%clk 0:01:14]} 36. Ke3
{[%clk 0:00:14]} Rxa2 {[%clk 0:01:16]} 37. Rc7+ {[%clk 0:00:16]} Kg6
{[%clk 0:01:18]} 38. g4 {[%clk 0:00:17]} Ra3 {[%clk 0:01:19]} 39. Kf2
{[%clk 0:00:15]} a5 {[%clk 0:01:21]} 40. b4 {[%clk 0:00:15]} axb4
{[%clk 0:01:22]} 41. Rb7 {[%clk 0:00:17]} Ra6 {[%clk 0:01:24]} 42. Ke3
{[%clk 0:00:19]} b3 {[%clk 0:01:24]} 43. Kd3 {[%clk 0:00:21]} b2 {[%clk 0:01:26]}
44. Kc2 {[%clk 0:00:22]} Ra3 {[%clk 0:01:28]} 45. g5 {[%clk 0:00:18]} Rxf3
{[%clk 0:01:28]} 46. Kxb2 {[%clk 0:00:14]} f5 {[%clk 0:01:26]} 47. Kc2
{[%clk 0:00:14]} e4 {[%clk 0:01:27]} 48. Kd2 {[%clk 0:00:16]} Rb3
{[%clk 0:01:29]} 49. Ke2 {[%clk 0:00:17]} Kxg5 {[%clk 0:01:29]} 50. Rxg7+
{[%clk 0:00:19]} Kf4 {[%clk 0:01:32]} 51. Rh7 {[%clk 0:00:20]} Rb2+
{[%clk 0:01:33]} 52. Kd1 {[%clk 0:00:22]} b5 {[%clk 0:01:36]} 53. Kc1
{[%clk 0:00:20]} Rg2 {[%clk 0:01:35]} 54. Kd1 {[%clk 0:00:22]} b4
{[%clk 0:01:37]} 55. Rb7 {[%clk 0:00:24]} Kf3 {[%clk 0:01:29]} 56. Rxb4
{[%clk 0:00:24]} e3 {[%clk 0:01:29]} 57. Rb5 {[%clk 0:00:23]} f4 {[%clk 0:01:31]}
58. Re5 {[%clk 0:00:25]} Rg1+ {[%clk 0:01:31]} 59. Kc2 {[%clk 0:00:28]} e2
{[%clk 0:01:33]} 60. Kd2 {[%clk 0:00:28]} Rd1+ {[%clk 0:01:34]} 0-1

[Event "I cerrado Memorial Alfonso Pizarroso"]
[Site "Xativa"]
[Date "2018.07.01"]
[Round "2.6"]
[White "Martinez Escandell, Alfonso"]
[Black "Torres Sanchez, Jose"]
[Result "0-1"]
[BlackElo "2357"]
[WhiteElo "1900"]
[LiveChessVersion "1.4.8"]

1. e4 {[%clk 0:07:04]} c5 {[%clk 0:07:05]} 2. Nf3 {[%clk 0:07:05]} Nc6
{[%clk 0:07:06]} 3. d4 {[%clk 0:07:07]} cxd4 {[%clk 0:07:07]} 4. Nxd4
{[%clk 0:07:09]} Qb6 {[%clk 0:07:08]} 5. c3 {[%clk 0:06:57]} Nf6 {[%clk 0:06:54]}
6. f3 {[%clk 0:06:04]} e6 {[%clk 0:06:43]} 7. Qb3 {[%clk 0:06:04]} Nxd4
{[%clk 0:06:35]} 8. cxd4 {[%clk 0:05:59]} Qxd4 {[%clk 0:06:34]} 9. Bd2
{[%clk 0:05:28]} Bc5 {[%clk 0:06:31]} 10. Nc3 {[%clk 0:05:06]} Qf2+
{[%clk 0:06:30]} 11. Kd1 {[%clk 0:05:07]} d6 {[%clk 0:04:21]} 12. Qb5+
{[%clk 0:04:51]} Bd7 {[%clk 0:04:15]} 13. Qe2 {[%clk 0:04:28]} Qd4
{[%clk 0:03:59]} 14. Qc4 {[%clk 0:04:30]} O-O {[%clk 0:03:52]} 15. Qxd4
{[%clk 0:04:31]} Bxd4 {[%clk 0:03:54]} 16. Bd3 {[%clk 0:04:17]} a6
{[%clk 0:03:45]} 17. Ke2 {[%clk 0:04:17]} b5 {[%clk 0:03:45]} 18. a3
{[%clk 0:04:18]} d5 {[%clk 0:03:40]} 19. Rab1 {[%clk 0:04:04]} Rfb8
{[%clk 0:03:21]} 20. Be3 {[%clk 0:03:59]} Bxe3 {[%clk 0:03:19]} 21. Kxe3
{[%clk 0:04:00]} Be8 {[%clk 0:02:42]} 22. e5 {[%clk 0:03:57]} Nd7
{[%clk 0:02:44]} 23. f4 {[%clk 0:03:57]} Nb6 {[%clk 0:02:39]} 24. Ne2
{[%clk 0:03:41]} Nc4+ {[%clk 0:02:40]} 25. Bxc4 {[%clk 0:03:42]} dxc4
{[%clk 0:02:39]} 26. Rhd1 {[%clk 0:03:35]} Bc6 {[%clk 0:02:41]} 27. g3
{[%clk 0:03:32]} Rd8 {[%clk 0:02:30]} 28. Nc3 {[%clk 0:03:32]} Kf8
{[%clk 0:02:29]} 29. Rxd8+ {[%clk 0:03:30]} Rxd8 {[%clk 0:02:31]} 30. Rd1
{[%clk 0:03:31]} Rc8 {[%clk 0:02:13]} 31. Rd6 {[%clk 0:03:24]} Ke7
{[%clk 0:02:14]} 32. Ne2 {[%clk 0:03:18]} a5 {[%clk 0:02:06]} 33. Nd4
{[%clk 0:03:18]} Bd7 {[%clk 0:02:07]} 34. Ne2 {[%clk 0:02:37]} b4
{[%clk 0:02:03]} 35. axb4 {[%clk 0:02:20]} axb4 {[%clk 0:02:04]} 36. Rb6
{[%clk 0:02:22]} b3 {[%clk 0:01:57]} 37. Nc3 {[%clk 0:01:53]} f6 {[%clk 0:01:58]}
38. Rb7 {[%clk 0:01:46]} fxe5 {[%clk 0:01:57]} 39. fxe5 {[%clk 0:01:48]} Rc5
{[%clk 0:01:32]} 40. Kd4 {[%clk 0:01:38]} Ra5 {[%clk 0:01:24]} 41. Kxc4
{[%clk 0:01:33]} Rxe5 {[%clk 0:01:26]} 42. Kxb3 {[%clk 0:01:33]} Rh5
{[%clk 0:01:25]} 43. h4 {[%clk 0:01:22]} Re5 {[%clk 0:01:27]} 44. Rb4
{[%clk 0:00:54]} Re3 {[%clk 0:01:23]} 45. g4 {[%clk 0:00:56]} h6 {[%clk 0:01:18]}
46. Kc2 {[%clk 0:00:49]} Bc6 {[%clk 0:01:19]} 47. Kd2 {[%clk 0:00:46]} Rg3
{[%clk 0:01:15]} 48. Ne2 {[%clk 0:00:43]} Rg2 {[%clk 0:01:16]} 49. Ke3
{[%clk 0:00:44]} Rh2 {[%clk 0:01:15]} 50. h5 {[%clk 0:00:38]} Kf6
{[%clk 0:01:09]} 51. Rb6 {[%clk 0:00:35]} Rh3+ {[%clk 0:01:01]} 52. Kd2
{[%clk 0:00:15]} Bf3 {[%clk 0:00:57]} 53. Nf4 {[%clk 0:00:16]} Bxg4
{[%clk 0:00:57]} 54. Nxh3 {[%clk 0:00:17]} Bxh3 {[%clk 0:00:59]} 55. Ke3
{[%clk 0:00:14]} Bg4 {[%clk 0:01:00]} 56. Kf4 {[%clk 0:00:16]} Bxh5
{[%clk 0:01:00]} 57. b4 {[%clk 0:00:18]} g5+ {[%clk 0:01:00]} 58. Kg3
{[%clk 0:00:20]} Be2 {[%clk 0:01:00]} 59. Rb8 {[%clk 0:00:19]} h5
{[%clk 0:01:02]} 60. b5 {[%clk 0:00:22]} h4+ {[%clk 0:01:04]} 61. Kh2
{[%clk 0:00:23]} g4 {[%clk 0:00:59]} 62. b6 {[%clk 0:00:25]} g3+ {[%clk 0:00:55]}
63. Kg1 {[%clk 0:00:26]} h3 {[%clk 0:00:57]} 64. b7 {[%clk 0:00:28]} h2+
{[%clk 0:00:59]} 65. Kg2 {[%clk 0:00:27]} Bf3+ {[%clk 0:01:00]} 66. Kxg3
{[%clk 0:00:29]} h1=Q {[%clk 0:00:53]} 67. Rf8+ {[%clk 0:00:31]} Kg7
{[%clk 0:00:52]} 68. b8=Q {[%clk 0:00:31]} Qg2+ {[%clk 0:00:53]} 69. Kf4
{[%clk 0:00:33]} Qg4+ {[%clk 0:00:50]} 70. Ke5 {[%clk 0:00:32]} Qe4+
{[%clk 0:00:49]} 71. Kd6 {[%clk 0:00:30]} Qd5+ {[%clk 0:00:51]} 72. Ke7
{[%clk 0:00:22]} Qc5+ {[%clk 0:00:53]} 73. Kxe6 {[%clk 0:00:16]} Bg4+
{[%clk 0:00:47]} 0-1

[Event "I cerrado Memorial Alfonso Pizarroso"]
[Site "Xativa"]
[Date "2018.07.01"]
[Round "3.1"]
[White "Fenollar Jorda, Manuel"]
[Black "Uran Bermudez, Oliver Kevin"]
[Result "1-0"]
[BlackElo "2076"]
[WhiteElo "2352"]
[LiveChessVersion "1.4.8"]

1. d4 {[%clk 0:07:04]} e6 {[%clk 0:07:04]} 2. e4 {[%clk 0:06:55]} d5
{[%clk 0:07:03]} 3. Nd2 {[%clk 0:06:50]} Nf6 {[%clk 0:06:35]} 4. e5
{[%clk 0:06:45]} Nfd7 {[%clk 0:06:36]} 5. Bd3 {[%clk 0:06:47]} c5
{[%clk 0:06:34]} 6. c3 {[%clk 0:06:48]} Nc6 {[%clk 0:06:35]} 7. Ne2
{[%clk 0:06:49]} cxd4 {[%clk 0:05:26]} 8. cxd4 {[%clk 0:06:51]} Qb6
{[%clk 0:05:26]} 9. Nf3 {[%clk 0:06:35]} Bb4+ {[%clk 0:05:23]} 10. Bd2
{[%clk 0:06:35]} Bxd2+ {[%clk 0:05:21]} 11. Qxd2 {[%clk 0:06:30]} Qb4
{[%clk 0:05:19]} 12. a3 {[%clk 0:06:04]} Qxd2+ {[%clk 0:05:18]} 13. Nxd2
{[%clk 0:06:05]} f6 {[%clk 0:05:08]} 14. f4 {[%clk 0:06:02]} O-O {[%clk 0:04:24]}
15. b4 {[%clk 0:05:57]} fxe5 {[%clk 0:04:22]} 16. fxe5 {[%clk 0:05:59]} Nb6
{[%clk 0:03:53]} 17. Rc1 {[%clk 0:05:41]} Bd7 {[%clk 0:03:45]} 18. Nf3
{[%clk 0:05:22]} Rac8 {[%clk 0:03:27]} 19. Kd2 {[%clk 0:03:46]} Ne7
{[%clk 0:03:10]} 20. Ng3 {[%clk 0:03:04]} g6 {[%clk 0:02:52]} 21. Ke3
{[%clk 0:02:51]} Nc4+ {[%clk 0:02:42]} 22. Bxc4 {[%clk 0:02:50]} dxc4
{[%clk 0:02:43]} 23. Ne4 {[%clk 0:02:43]} Nf5+ {[%clk 0:02:35]} 24. Ke2
{[%clk 0:02:35]} Bc6 {[%clk 0:02:22]} 25. Nf6+ {[%clk 0:02:14]} Kg7
{[%clk 0:02:07]} 26. Rhd1 {[%clk 0:01:58]} Rfd8 {[%clk 0:02:09]} 27. Ng5
{[%clk 0:01:52]} Bd5 {[%clk 0:01:09]} 28. g4 {[%clk 0:01:41]} Ne7
{[%clk 0:00:53]} 29. Nxd5 {[%clk 0:01:32]} Rxd5 {[%clk 0:00:42]} 30. Nxe6+
{[%clk 0:01:33]} Kg8 {[%clk 0:00:44]} 31. Nf4 {[%clk 0:01:26]} Rdd8
{[%clk 0:00:37]} 32. b5 {[%clk 0:01:27]} Nd5 {[%clk 0:00:36]} 33. Nxd5
{[%clk 0:01:24]} Rxd5 {[%clk 0:00:37]} 34. a4 {[%clk 0:01:24]} c3
{[%clk 0:00:27]} 35. Kd3 {[%clk 0:01:11]} Rf8 {[%clk 0:00:17]} 36. Ke4
{[%clk 0:01:05]} Rd7 {[%clk 0:00:15]} 37. Rxc3 {[%clk 0:00:46]} Rdf7
{[%clk 0:00:11]} 38. e6 {[%clk 0:00:43]} Rf4+ {[%clk 0:00:11]} 39. Ke5
{[%clk 0:00:45]} Rf2 {[%clk 0:00:12]} 40. d5 {[%clk 0:00:43]} Re2+
{[%clk 0:00:10]} 41. Kd6 {[%clk 0:00:45]} Kg7 {[%clk 0:00:11]} 42. g5
{[%clk 0:00:46]} Rd8+ {[%clk 0:00:11]} 43. Ke7 {[%clk 0:00:43]} Rb8
{[%clk 0:00:10]} 44. d6 {[%clk 0:00:41]} Rf8 {[%clk 0:00:08]} 45. d7
{[%clk 0:00:39]} Rf5 {[%clk 0:00:06]} 46. d8=Q {[%clk 0:00:35]} 1-0

[Event "I cerrado Memorial Alfonso Pizarroso"]
[Site "Xativa"]
[Date "2018.07.01"]
[Round "3.2"]
[White "Galvan, Jesus"]
[Black "Cruz Lledo, Pablo"]
[Result "1-0"]
[BlackElo "2443"]
[WhiteElo "2183"]
[LiveChessVersion "1.4.8"]

1. g3 {[%clk 0:07:03]} d5 {[%clk 0:07:04]} 2. Bg2 {[%clk 0:07:05]} c6
{[%clk 0:07:06]} 3. d3 {[%clk 0:07:07]} g6 {[%clk 0:07:08]} 4. f4
{[%clk 0:07:06]} Bg7 {[%clk 0:07:09]} 5. Nf3 {[%clk 0:07:08]} Nd7
{[%clk 0:07:10]} 6. O-O {[%clk 0:07:07]} Nh6 {[%clk 0:06:58]} 7. e4
{[%clk 0:07:07]} O-O {[%clk 0:06:58]} 8. Nc3 {[%clk 0:07:07]} dxe4
{[%clk 0:06:54]} 9. dxe4 {[%clk 0:07:04]} Nb6 {[%clk 0:06:44]} 10. Qe2
{[%clk 0:07:04]} Bg4 {[%clk 0:06:38]} 11. Be3 {[%clk 0:06:57]} Qc7
{[%clk 0:06:36]} 12. h3 {[%clk 0:06:27]} Bxf3 {[%clk 0:06:36]} 13. Bxf3
{[%clk 0:06:25]} f5 {[%clk 0:06:37]} 14. e5 {[%clk 0:06:25]} Rfd8
{[%clk 0:06:27]} 15. Rad1 {[%clk 0:06:08]} e6 {[%clk 0:06:21]} 16. b3
{[%clk 0:04:18]} Bf8 {[%clk 0:06:09]} 17. Nb1 {[%clk 0:03:55]} Nf7
{[%clk 0:05:22]} 18. c4 {[%clk 0:03:56]} Nd7 {[%clk 0:05:23]} 19. Qf2
{[%clk 0:03:24]} b6 {[%clk 0:05:25]} 20. Rd2 {[%clk 0:03:16]} Bb4
{[%clk 0:05:05]} 21. Rdd1 {[%clk 0:03:18]} Be7 {[%clk 0:04:34]} 22. Kh2
{[%clk 0:03:17]} g5 {[%clk 0:04:26]} 23. Qg2 {[%clk 0:03:19]} Rac8
{[%clk 0:04:26]} 24. Rf2 {[%clk 0:03:09]} Kh8 {[%clk 0:04:04]} 25. Bh5
{[%clk 0:03:03]} Rf8 {[%clk 0:03:52]} 26. Rfd2 {[%clk 0:02:56]} Rcd8
{[%clk 0:03:30]} 27. Bf3 {[%clk 0:02:47]} gxf4 {[%clk 0:03:16]} 28. gxf4
{[%clk 0:02:49]} Ndxe5 {[%clk 0:03:02]} 29. Rxd8 {[%clk 0:02:26]} Nxf3+
{[%clk 0:02:34]} 30. Qxf3 {[%clk 0:02:27]} Rxd8 {[%clk 0:02:36]} 31. Bd4+
{[%clk 0:02:29]} e5 {[%clk 0:02:14]} 32. Bc3 {[%clk 0:02:07]} Bf6
{[%clk 0:02:08]} 33. Rxd8+ {[%clk 0:00:53]} Nxd8 {[%clk 0:01:53]} 34. Qh5
{[%clk 0:00:55]} Qd7 {[%clk 0:01:24]} 35. fxe5 {[%clk 0:00:55]} Bg7
{[%clk 0:01:26]} 36. Nd2 {[%clk 0:00:46]} Nf7 {[%clk 0:01:00]} 37. Nf3
{[%clk 0:00:41]} Qe6 {[%clk 0:01:02]} 38. Qh4 {[%clk 0:00:15]} Kg8
{[%clk 0:00:55]} 39. Qd4 {[%clk 0:00:08]} c5 {[%clk 0:00:49]} 40. Qd5
{[%clk 0:00:08]} Qg6 {[%clk 0:00:32]} 41. Be1 {[%clk 0:00:04]} Qh6
{[%clk 0:00:11]} 42. e6 {[%clk 0:00:05]} Qf4+ {[%clk 0:00:07]} 43. Bg3
{[%clk 0:00:07]} Qe4 {[%clk 0:00:08]} 44. exf7+ Kf8 {[%clk 0:00:07]} 45. Bd6+
{[%clk 0:00:11]} 1-0

[Event "I cerrado Memorial Alfonso Pizarroso"]
[Site "Xativa"]
[Date "2018.07.01"]
[Round "3.3"]
[White "Kovacevic, Slobodan"]
[Black "Plaskett, H James"]
[Result "0-1"]
[BlackElo "2455"]
[WhiteElo "2292"]
[LiveChessVersion "1.4.8"]

1. d4 {[%clk 0:07:05]} e6 {[%clk 0:07:08]} 2. Nf3 {[%clk 0:07:06]} c5
{[%clk 0:07:09]} 3. e3 {[%clk 0:07:07]} Nf6 {[%clk 0:07:10]} 4. Bd3
{[%clk 0:07:08]} b6 {[%clk 0:07:12]} 5. a4 {[%clk 0:07:08]} a6 {[%clk 0:07:08]}
6. c3 {[%clk 0:07:02]} Bb7 {[%clk 0:07:09]} 7. Nbd2 {[%clk 0:07:01]} Nc6
{[%clk 0:07:02]} 8. O-O {[%clk 0:06:56]} Qc7 {[%clk 0:07:02]} 9. Qe2
{[%clk 0:06:55]} Be7 {[%clk 0:06:38]} 10. e4 {[%clk 0:05:41]} cxd4
{[%clk 0:06:38]} 11. Nxd4 {[%clk 0:05:43]} Ne5 {[%clk 0:06:12]} 12. Bc2
{[%clk 0:05:44]} Ng6 {[%clk 0:06:14]} 13. g3 {[%clk 0:05:34]} h5 {[%clk 0:05:51]}
14. N2f3 {[%clk 0:05:08]} h4 {[%clk 0:05:48]} 15. e5 {[%clk 0:05:10]} hxg3
{[%clk 0:03:52]} 16. fxg3 {[%clk 0:05:00]} Ng4 {[%clk 0:03:46]} 17. Re1
{[%clk 0:05:01]} O-O-O 18. Bd2 {[%clk 0:04:45]} Rh3 {[%clk 0:02:12]} 19. Be4
{[%clk 0:04:38]} Rdh8 {[%clk 0:02:11]} 20. Qg2 {[%clk 0:03:10]} Nxh2
{[%clk 0:01:32]} 21. Nxh2 {[%clk 0:02:50]} Rxh2 {[%clk 0:01:30]} 22. Qxh2
{[%clk 0:02:52]} Rxh2 {[%clk 0:01:31]} 23. Kxh2 {[%clk 0:02:55]} Nxe5
{[%clk 0:01:25]} 24. Bf4 {[%clk 0:02:48]} d6 {[%clk 0:01:23]} 25. Bxe5
{[%clk 0:02:40]} dxe5 {[%clk 0:01:25]} 26. Bxb7+ {[%clk 0:02:34]} Kxb7
{[%clk 0:01:27]} 27. Nf3 {[%clk 0:02:35]} f6 {[%clk 0:01:23]} 28. Rad1
{[%clk 0:02:33]} Qc6 {[%clk 0:01:25]} 29. Kg2 {[%clk 0:02:27]} Qxa4
{[%clk 0:01:21]} 30. Rd2 {[%clk 0:02:27]} Kc7 {[%clk 0:01:23]} 31. Red1
{[%clk 0:02:25]} Qc6 {[%clk 0:01:24]} 32. g4 {[%clk 0:02:22]} a5 {[%clk 0:01:20]}
33. Kg3 {[%clk 0:02:23]} e4 {[%clk 0:01:10]} 34. Nh4 {[%clk 0:02:17]} e3
{[%clk 0:01:05]} 35. Re2 {[%clk 0:02:08]} Bd6+ {[%clk 0:01:07]} 36. Kh3
{[%clk 0:02:09]} g5 {[%clk 0:01:09]} 37. Rxe3 {[%clk 0:02:02]} gxh4
{[%clk 0:01:10]} 38. Kxh4 {[%clk 0:02:02]} Bf4 {[%clk 0:01:08]} 39. Red3
{[%clk 0:02:03]} Qg2 {[%clk 0:01:01]} 40. Kh5 {[%clk 0:02:02]} Qe4
{[%clk 0:00:59]} 41. Rd7+ {[%clk 0:02:01]} Kc6 {[%clk 0:01:01]} 42. Rg7
{[%clk 0:02:01]} a4 {[%clk 0:00:55]} 43. Rd8 {[%clk 0:02:00]} Kb5
{[%clk 0:00:51]} 44. Rd4 {[%clk 0:02:01]} Qh1+ {[%clk 0:00:34]} 45. Kg6
{[%clk 0:02:03]} Be5 {[%clk 0:00:35]} 46. Rb4+ {[%clk 0:02:02]} Kc6
{[%clk 0:00:38]} 47. Kf7 {[%clk 0:01:57]} b5 {[%clk 0:00:37]} 48. c4
{[%clk 0:01:57]} bxc4 {[%clk 0:00:38]} 49. Rxc4+ {[%clk 0:01:59]} Kd5
{[%clk 0:00:39]} 50. Rxa4 {[%clk 0:02:01]} Bxb2 {[%clk 0:00:38]} 51. Ra5+
{[%clk 0:02:03]} Ke4 {[%clk 0:00:38]} 52. Kxe6 {[%clk 0:02:05]} Qd1
{[%clk 0:00:37]} 53. Rd7 {[%clk 0:02:04]} Qb3+ {[%clk 0:00:38]} 54. Rad5
{[%clk 0:02:04]} Be5 {[%clk 0:00:37]} 55. Rd8 {[%clk 0:02:04]} Kf4
{[%clk 0:00:36]} 56. Ke7 {[%clk 0:02:06]} Kxg4 {[%clk 0:00:36]} 57. Rd3
{[%clk 0:02:08]} Qb4+ {[%clk 0:00:37]} 58. Kf7 {[%clk 0:02:10]} Qc4+
{[%clk 0:00:39]} 59. Kg7 {[%clk 0:02:11]} Kf5 {[%clk 0:00:41]} 60. Rf3+
{[%clk 0:02:10]} Ke4 {[%clk 0:00:42]} 61. Rh3 {[%clk 0:02:11]} Qc7+
{[%clk 0:00:43]} 0-1

[Event "I cerrado Memorial Alfonso Pizarroso"]
[Site "Xativa"]
[Date "2018.07.01"]
[Round "3.4"]
[White "Camarena Gimenez, Rufino"]
[Black "Granero Roca, Antonio"]
[Result "0-1"]
[BlackElo "2390"]
[WhiteElo "2354"]
[LiveChessVersion "1.4.8"]

1. d4 {[%clk 0:07:02]} Nf6 {[%clk 0:07:05]} 2. c4 {[%clk 0:07:04]} g6
{[%clk 0:07:06]} 3. Nc3 {[%clk 0:07:05]} Bg7 {[%clk 0:07:07]} 4. e4
{[%clk 0:07:05]} O-O {[%clk 0:07:08]} 5. Nf3 {[%clk 0:07:07]} d6 {[%clk 0:07:10]}
6. Be2 {[%clk 0:07:07]} Bg4 {[%clk 0:07:11]} 7. Be3 {[%clk 0:07:08]} Nfd7
{[%clk 0:07:12]} 8. O-O {[%clk 0:07:08]} c5 {[%clk 0:07:14]} 9. d5
{[%clk 0:07:08]} Na6 {[%clk 0:07:15]} 10. h3 {[%clk 0:07:09]} Bxf3
{[%clk 0:07:17]} 11. Bxf3 {[%clk 0:07:11]} Nc7 {[%clk 0:07:19]} 12. Be2
{[%clk 0:07:09]} a6 {[%clk 0:07:21]} 13. a4 {[%clk 0:07:11]} e6 {[%clk 0:07:17]}
14. Qd2 {[%clk 0:07:01]} exd5 {[%clk 0:07:16]} 15. exd5 {[%clk 0:07:02]} Re8
{[%clk 0:07:15]} 16. Rae1 {[%clk 0:06:51]} Qe7 {[%clk 0:07:06]} 17. a5
{[%clk 0:06:24]} f5 {[%clk 0:07:00]} 18. Bd1 {[%clk 0:05:58]} Ne5
{[%clk 0:06:30]} 19. b3 {[%clk 0:05:55]} Qf8 {[%clk 0:06:27]} 20. Bc2
{[%clk 0:05:44]} Re7 {[%clk 0:05:39]} 21. Bg5 {[%clk 0:05:15]} Bf6
{[%clk 0:05:38]} 22. Bh6 {[%clk 0:05:13]} Bg7 {[%clk 0:05:25]} 23. Bg5
{[%clk 0:05:11]} Bf6 {[%clk 0:05:18]} 24. Bh6 {[%clk 0:05:08]} Qe8
{[%clk 0:05:15]} 25. Be3 {[%clk 0:03:42]} Qd7 {[%clk 0:04:59]} 26. f4
{[%clk 0:03:36]} Nf7 {[%clk 0:04:54]} 27. Bf2 {[%clk 0:03:37]} Rae8
{[%clk 0:04:54]} 28. Rxe7 {[%clk 0:03:35]} Rxe7 {[%clk 0:04:54]} 29. Re1
{[%clk 0:03:34]} Ne8 {[%clk 0:04:22]} 30. Na4 {[%clk 0:03:18]} Ng7
{[%clk 0:03:55]} 31. Rxe7 {[%clk 0:02:53]} Qxe7 {[%clk 0:03:56]} 32. Bd3
{[%clk 0:02:22]} Nh5 {[%clk 0:03:44]} 33. g4 {[%clk 0:02:13]} fxg4
{[%clk 0:03:35]} 34. hxg4 {[%clk 0:02:15]} Ng7 {[%clk 0:03:29]} 35. g5
{[%clk 0:02:15]} Bd4 {[%clk 0:03:26]} 36. Bxd4 {[%clk 0:01:39]} cxd4
{[%clk 0:03:27]} 37. Qe2 {[%clk 0:01:35]} Qd8 {[%clk 0:03:20]} 38. Nb6
{[%clk 0:01:25]} Nh5 {[%clk 0:03:20]} 39. Qg4 {[%clk 0:01:03]} Qe7
{[%clk 0:03:00]} 40. Qe6 {[%clk 0:01:02]} Qd8 {[%clk 0:02:39]} 41. Qe4
{[%clk 0:00:55]} Nxg5 {[%clk 0:02:07]} 42. fxg5 {[%clk 0:00:52]} Qxg5+
{[%clk 0:02:09]} 43. Kf2 {[%clk 0:00:50]} Qg3+ {[%clk 0:02:07]} 44. Kf1
{[%clk 0:00:41]} Nf4 {[%clk 0:02:08]} 45. Nd7 {[%clk 0:00:24]} Qh3+
{[%clk 0:01:52]} 46. Kg1 {[%clk 0:00:22]} Qg4+ {[%clk 0:01:03]} 47. Kf1
{[%clk 0:00:14]} Qd1+ {[%clk 0:01:00]} 48. Kf2 {[%clk 0:00:11]} Nxd3+
{[%clk 0:01:01]} 49. Kg2 {[%clk 0:00:11]} Qd2+ {[%clk 0:00:49]} 50. Kg3
{[%clk 0:00:09]} Qf2+ {[%clk 0:00:47]} 51. Kh3 {[%clk 0:00:08]} Qe3+
{[%clk 0:00:45]} 52. Qxe3 {[%clk 0:00:07]} dxe3 {[%clk 0:00:46]} 53. Nf6+
{[%clk 0:00:06]} Kf7 {[%clk 0:00:48]} 54. Ne4 {[%clk 0:00:05]} e2
{[%clk 0:00:47]} 55. Ng5+ {[%clk 0:00:08]} Kf6 {[%clk 0:00:48]} 56. Nf3
{[%clk 0:00:10]} e1=Q {[%clk 0:00:36]} 57. Nxe1 {[%clk 0:00:10]} Nxe1
{[%clk 0:00:38]} 0-1